Länder nach Bevölkerung - Klick Quiz - Statistiken

Allgemein
  • Dieses Quiz wurde 140 mal gespielt
  • Das Durchschnittsergebnis liegt bei 12 aus 16
Antwortstatistiken
Hint Explanation Antwort % Korrekt
China 1426 mio D. 100+ Millionen
93%
Vereinigte Staaten 349 mio D. 100+ Millionen
92%
Monaco 39,000 A. unter 1 Million
89%
Nauru 12,000 A. unter 1 Million
87%
Vereinigtes Königreich 69.8 mio C. 10 bis 100 Millionen
87%
Norwegen 5.59 mio B. 1 bis 10 Millionen
83%
Türkei 87.5 mio C. 10 bis 100 Millionen
83%
Island 394,000 A. unter 1 Million
79%
Neuseeland 5.24 mio B. 1 bis 10 Millionen
79%
Südafrika 64.2 mio C. 10 bis 100 Millionen
79%
Südkorea 51.7 mio C. 10 bis 100 Millionen
71%
Paraguay 6.95 mio B. 1 bis 10 Millionen
65%
Bangladesch 174 mio D. 100+ Millionen
65%
Singapur 5.84 mio B. 1 bis 10 Millionen
62%
Äthiopien 133 mio D. 100+ Millionen
62%
Mongolei 3.49 mio B. 1 bis 10 Millionen
58%
Keine übereinstimmenden Quizze gefunden
Verteilung der Resultate
Anzahl Personen mit jedem Resultat
Perzentil nach korrekt beantworteten Fragen
Ihre Resultats-Entwicklung
Sie haben dieses Quiz noch nicht gespielt